Rátanie

Bibliographic Details
Main Author: Petráňová, Miriam, 1974- (Author)
Format: Book
Language:Slovak
PhysicalDescription:53 s. 11 cm
Published: [Modra] Spoločnosť priateľov poézie c2001
ISBN:8096834363
Series:Snežienky
Subjects:

MARC

LEADER 00000cam a2200000 a 4500
001 vtls001430627
003 SK-MaSNL
005 20260302001853.0
008 240313s2001 xo g g 000 p slo
015 |a SNBA2002/07-02254 
020 |a 8096834363 
035 |a SNK000385655 
035 |a urn:nbn:sk:snk-am3hpi3 
035 |a 678D98B3-9B29-4EE4-819E-4A498C18480F 
035 |a urn:nbn:sk:snk-am00cu5a 
040 |a SNK  |b slo  |c SNK  |e AACR2 
041 0 |a slo 
044 |a xo  |c SK 
080 |a 885.4-1  |2 1981 
100 1 |a Petráňová, Miriam,  |d 1974-  |4 aut  |9 102090 
245 1 0 |a Rátanie  |c Miriam Petráňová 
260 |a [Modra]  |b Spoločnosť priateľov poézie  |c c2001 
300 |a 53 s.  |c 11 cm 
490 1 |a Snežienky 
650 0 7 |a slovenská literatúra  |2 SNKPH  |9 1115 
655 7 |a básne  |2 SNKPH  |9 86731 
830 0 |a Snežienky  |9 465893 
919 |a 80-968343-6-3 
958 |a TL 
958 |a LX 
999 |c 985702  |d 987632 
952 |t P60, <03>, [BOOK], {603}  |a SNK  |b SNK  |y PREZ  |7 0  |p 17A0336669  |o snkSE 10121  |i snkKSP 3074/2002  |0 0  |1 0  |4 0  |d 2002-03-18  |f 1  |l 0  |r 2005-01-02 00:00:00  |w 2026-02-24 
952 |t P60, <04>, [BOOK], {604}  |a SNK  |b SNK  |y VYP  |7 0  |p 17A0336670  |o snkSE 10121 D1  |i snkKSP 3075/2002  |0 0  |1 0  |4 0  |d 2002-03-18  |l 0  |r 2005-01-02 00:00:00  |w 2026-02-24